Phil Hartman Filmography - Statistics

General Stats
  • This quiz has been taken 9 times
    6 since last reset
  • The average score is 48 of 108
Answer Stats
Type Year Name % Correct
Film 1985 Pee-wee's Big Adventure
75%
TV Show 1991-1998 The Simpsons
75%
TV Show 1996, 1998 3rd Rock from the Sun
50%
Film 1987 Amazon Women on the Moon
50%
TV Show 1993 Animaniacs
50%
TV Show 1990 Bill & Ted's Excellent Adventures
50%
Video Game 1998 Blasto
50%
Film 1987 Blind Date
50%
TV Show 1990 Bobby's World
50%
Film 1998 Buster & Chauncey's Silent Night
50%
TV Show 1991 Captain Planet and the Planeteers
50%
TV Show 1996 Caroline in the City
50%
Film 1993 CB4
50%
TV Show 1985 Challenge of the GoBots
50%
Film 1980 Cheech & Chong's Next Movie
50%
TV Special 1984 Cheeseball Presents
50%
Film 1993 Coneheads
50%
TV Show 1991 Darkwing Duck
50%
TV Film 1993 Daybreak
50%
TV Show 1986 Dennis the Menace
50%
TV Show 1987 DuckTales
50%
TV Show 1992 Eek! The Cat
50%
TV Show 1991 Empty Nest
50%
Short Film 1994 Extra Terrorestrial Alien Encounter
50%
TV Show 1988, 1989 Fantastic Max
50%
TV Show 1992 Fish Police
50%
Film 1989 Fletch Lives
50%
TV Show 1987 Foofur
50%
TV Show 1990 Gravedale High
50%
Film 1994 Greedy
50%
TV Show 1999 Happily Ever After: Fairy Tales for Every Child
50%
Music Video 1984 Hot for Teacher
50%
Film 1995 Houseguest
50%
Film 1989 How I Got into College
50%
Film 1996 Jingle All the Way
50%
Film 1986 Jumpin' Jack Flash
50%
Film 1998 Kiki's Delivery Service
50%
Film 1986 Last Resort
50%
TV Show 1984 Magnum, P.I.
50%
Film 1993 National Lampoon's Loaded Weapon 1
50%
TV Show 1995-1998 NewsRadio
50%
TV Show 1995 Night Stand with Dick Dietrick
50%
TV Film 1991 One Special Victory
50%
TV Show 1989 On the Television
50%
Film 1982 Pandemonium
50%
TV Show 1992 Parker Lewis Can't Lose
50%
TV Show 1986 Pee-wee's Playhouse
50%
TV Show 1984 Pink Panther and Sons
50%
Film 1990 Quick Change
50%
TV Film 1990 Red Pepper
50%
Film 1997 Ren & Stimpy: Space Madness
50%
Film 1986 Ruthless People
50%
TV Show 1985 Sara
50%
TV Show 1986-1994, 1996 Saturday Night Live
50%
TV Film 1992 Schiller's Reel: Million Dollar Zombie
50%
TV Show 1982 Scooby-Doo and Scrappy-Doo
50%
TV Show 1996 Seinfeld
50%
Film 1996 Sgt. Bilko
50%
Film 1998 Small Soldiers
50%
Film 1993 So I Married an Axe Murderer
50%
Film 1987 Spaceballs
50%
TV Film 1995 State of the Union: Undressed
50%
Film 1995 Stuart Saves His Family
50%
Film 1978 Stunt Rock
50%
TV Show 1990 TaleSpin
50%
TV Mini-Series 1985 The 13 Ghosts of Scooby-Doo
50%
TV Show 1990 The Adventures of Don Coyote and Sancho Panda
50%
Film 1987 The Brave Little Toaster
50%
Film 1994 The Crazysitter
50%
TV Show 1994 The Critic
50%
TV Show 1996 The Dana Carvey Show
50%
TV Show 1983 The Dukes
50%
Film 1980 The Gong Show Movie
50%
TV Show 1985 The Jetsons
50%
TV Show 1995 The John Larroquette Show
50%
TV Show 1982 The Little Rascals
50%
TV Show 1984 The New Scooby-Doo Mysteries
50%
Film 1994 The Pagemaster
50%
TV Show 1981 The Pee-wee Herman Show
50%
TV Show 1995 The Ren & Stimpy Show
50%
TV Film 1997 The Second Civil War
50%
Video Game 1997 The Simpsons: Virtual Springfield
50%
TV Show 1980 The Six O'Clock Follies
50%
TV Show 1982, 1986, 1987, 1989 The Smurfs
50%
TV Film 1993 The Twelve Days of Christmas
50%
Film 1986 Three Amigos!
50%
TV Show 1990 Tiny Toon Adventures
50%
TV Show 1991-1992 Tom & Jerry Kids Show
50%
Film 1984 Weekend Pass
50%
Commercial 1997 1-800-COLLECT
25%
Commercial 1980 Activision
25%
Commercial 1982-1983 Activision's Ice Hockey for the Atari 2600
25%
Commercial 1996 Cheetos
25%
Commercial Mid 1980s Church's Chicken
25%
Commercial 1996 McDonald's
25%
Commercial 1996 M&M's
25%
Commercial Early 1990s Pot Noodle
25%
Commercial 1989 Slice Soda
25%
TV Show 1993 The Larry Sanders Show
25%
TV Special 1995 The Show Formerly Known as the Martin Short Show
25%
Commercial 1998 Friskies Cat Food
0%
TV Show 1996 Gargoyles
0%
TV Show 1987 Nightlife
0%
TV Show 1985 Our Time
0%
TV Special 1998 Saturday Night Live: The Best of Phil Hartman
0%
Documentary 1980 Skateboard Madness
0%
TV Documentary 2019 The Last Days of Phil Hartman
0%
TV Show 1983 The Pop 'N Rocker Game
0%
No matching quizzes found
Score Distribution
Percent of People with Each Score
Percentile by Number Answered
Your Score History
You have not taken this quiz since the last reset